<?xml version="1.0" encoding="UTF-8"?><?xml-stylesheet type="text/xsl" href="static/style.xsl"?><OAI-PMH xmlns="http://www.openarchives.org/OAI/2.0/" xmlns:xsi="http://www.w3.org/2001/XMLSchema-instance" xsi:schemaLocation="http://www.openarchives.org/OAI/2.0/ http://www.openarchives.org/OAI/2.0/OAI-PMH.xsd"><responseDate>2026-06-02T11:57:43Z</responseDate><request verb="GetRecord" identifier="oai:riuma.uma.es:10630/11602" metadataPrefix="marc">https://riuma.uma.es/rest/oai/request</request><GetRecord><record><header><identifier>oai:riuma.uma.es:10630/11602</identifier><datestamp>2026-02-03T12:28:26Z</datestamp><setSpec>com_10630_2254</setSpec><setSpec>col_10630_37959</setSpec></header><metadata><record xmlns="http://www.loc.gov/MARC21/slim" xmlns:dcterms="http://purl.org/dc/terms/" xmlns:doc="http://www.lyncode.com/xoai" xmlns:xsi="http://www.w3.org/2001/XMLSchema-instance" xsi:schemaLocation="http://www.loc.gov/MARC21/slim http://www.loc.gov/standards/marcxml/schema/MARC21slim.xsd">
   <leader>00925njm 22002777a 4500</leader>
   <datafield ind2=" " ind1=" " tag="042">
      <subfield code="a">dc</subfield>
   </datafield>
   <datafield ind2=" " ind1=" " tag="720">
      <subfield code="a">Palomo-Rando, José Luis</subfield>
      <subfield code="e">author</subfield>
   </datafield>
   <datafield ind2=" " ind1=" " tag="260">
      <subfield code="c">2016-06-09</subfield>
   </datafield>
   <datafield ind2=" " ind1=" " tag="520">
      <subfield code="a">Cada vez son más los casos en donde una persona muere durante el forcejeo que mantiene con las Fuerzas y Cuerpos de Seguridad del Estado durante el proceso de detención. Esto supone un gran reto profesional para el médico forense que realiza la autopsia. En muchas ocasiones, los resultados obtenidos tras la autopsia no son entendidos por la sociedad, familiares del fallecido ni correctamente divulgados por los medios de comunicación, pareciendo que dicha muerte queda en un limbo judicial. &#xd;
&#xd;
&#xd;
	Estas muertes, generalmente son consecuencia del síndrome de delirium agitado. Este síndrome no es bien conocido en nuestro país por parte de médicos ni por cuerpos de seguridad. Se engloban dentro de las muertes en privación de libertad o death in custody. En su producción intervienen factores como la patología previa del paciente, consumo de drogas, especialmente cocaína, y la forma de llevar a cabo el proceso de inmovilización del detenido. &#xd;
&#xd;
	Este cuadro se trata de una verdadera urgencia médica que requiere una actuación sanitaria inmediata.</subfield>
   </datafield>
   <datafield ind1="8" ind2=" " tag="024">
      <subfield code="a">http://hdl.handle.net/10630/11602</subfield>
   </datafield>
   <datafield tag="653" ind2=" " ind1=" ">
      <subfield code="a">Medicina legal</subfield>
   </datafield>
   <datafield tag="653" ind2=" " ind1=" ">
      <subfield code="a">Delirio agitado, Síndrome de</subfield>
   </datafield>
   <datafield ind2="0" ind1="0" tag="245">
      <subfield code="a">Muerte súbita durante o inmediatamente después de un enfrentamiento, lucha o situación violenta.</subfield>
   </datafield>
</record>
</metadata></record></GetRecord></OAI-PMH>